| 000 | 00994nam a2200289 a 4500 | ||
|---|---|---|---|
| 008 | |||
| 020 | _a0521350964 (hbk.) | ||
| 049 | _aMAIN | ||
| 090 | 0 |
_aQP361 _bTUC |
|
| 100 | 1 | _aTuckwell, Henry C. | |
| 245 | 1 | 0 |
_aIntroduction to theoretical neurobiology: _bvolume 1 linear cable theory and dendritic structure / _cHenry C. Tuckwell. |
| 250 | _aVol. 1 | ||
| 260 |
_aCambridge : _bCambridge University Press, _c1988. |
||
| 300 |
_axi, 291 p. : _bill. ; _c24 cm. |
||
| 440 | 0 |
_aCambridge studies in mathematical biology ; _v8. |
|
| 500 | _aIncludes index. | ||
| 504 | _aIncludes bibliographical references. | ||
| 650 | 0 |
_aCable Theory _xMathematical models. |
|
| 650 | 0 |
_aLinear dendritic structure _xMathematical models. |
|
| 650 | 2 | _aModels, Theoretical. | |
| 650 | 2 |
_aDendritic structure _xLinear models. |
|
| 907 |
_a.b10232746 _b08-05-12 _c16-02-07 |
||
| 003 | |||
| 005 | 20230123134401.0 | ||
| 040 | _cNUST | ||
| 942 |
_cBOOKS _kQP361 _mTUC |
||
| 999 |
_c164969 _d164969 |
||